00688nam a22001695i 4500001000700000003000900007005001700016008004100033040002000074100003200094245012100126260004200247300002700289610004600316711009000362852006600452160955ES-MaACL20230906212149.0041007s1892 po |||| | por d aCAM bspa cCAM1 aOliveira Simões, J.M. d'.12aA Scola do Exercito b: breve noticia da sua historia e da sua situação actual / cpor J.M. d'Oliveira Simões. aLisboa : bImprensa Nacional, c1892. a305, [2] p. ; c25 cm.24aEscola do Exercito (Portugal)-xHistoria.2 aCongresso Pedagogico Hispano-Portuguez-Americano (d1892. cLisboa (d1882. cLisboa) aES-MaACLjG-8267 z-- Enc. hol., conservando la cub. original